| 000 | 00812nam a22001817a 4500 | ||
|---|---|---|---|
| 003 | BD-DhUL | ||
| 005 | 20160824113336.0 | ||
| 008 | 160824b2007 bg ||||| |||| 000 0 b d | ||
| 040 |
_aBD-DhUL _cBD-DhUL |
||
| 082 |
_a362.1109 _b AHM |
||
| 100 | _aআহমেদ, শরীফ উদ্দিন | ||
| 245 |
_aমিটফোর্ড হাসপাতাল ও ঢাকা মেডিকেল স্কুল ইতিহাস ও ঐতিহ্য ১৮৫৮-১৯৪৭ / _cশরীফ উদ্দিন আহমেদ |
||
| 260 |
_aঢাকা : _bএকাডেমিক, _c২০০৭. |
||
| 300 |
_a xx, ৪৯২ পৃ., _b[১৪] লিফ্স অফ প্লেটস ; _c২২ সেমি. |
||
| 650 | _aইতিহাস | ||
| 650 | _aHistory. | ||
| 942 |
_2ddc _cBK |
||
| 999 |
_c101166 _d101166 |
||